Proceedings of the National Conference on Investment Casting (NCIC-2006), 28-29 December, 2006 : (Record no. 7650)

MARC details
000 -LEADER
fixed length control field 00915 a2200193 4500
010 ## - LCCN (DPL NO)
LC control number ENG-88117
020 ## - INTERNATIONAL STANDARD BOOK NUMBER
International Standard Book Number 818424150X
Terms of availability 850.00
035 ## - SYSTEM CONTROL NUMBER
System control number EN-71650
037 ## - SOURCE OF ACQUISITION
Source of stock number/acquisition DBAD / PUB
082 14 - DEWEY DECIMAL CLASSIFICATION NUMBER
Classification number 671.255
245 10 - TITLE STATEMENT
Title Proceedings of the National Conference on Investment Casting (NCIC-2006), 28-29 December, 2006 :
Remainder of title current research trends in investment casting /
Statement of responsibility, etc edited by Biswanath Mondal, Jhankar Basu [and] Gopal Prasad Sinha
260 ## - PUBLICATION, DISTRIBUTION, ETC. (IMPRINT)
Place of publication, distribution, etc New Delhi
Name of publisher, distributor, etc Allied Publishers
Date of publication, distribution, etc 2007
300 ## - PHYSICAL DESCRIPTION
Extent xv, 316 p.
Other physical details ill
Dimensions 25 cm(Hb)
500 ## - GENERAL NOTE
General note "Organized by Central Mechanical Engineering Research Institute, Durgapur. Indian Ceramic Society, Hyderabad Chapter. Investment Casting Society, India. University College of Engineering, Osmania University".
700 1# - ADDED ENTRY--PERSONAL NAME
Personal name Mondal, Biswanath
700 1# - ADDED ENTRY--PERSONAL NAME
Personal name Basu, Jhankar
700 1# - ADDED ENTRY--PERSONAL NAME
Personal name Sinha, Gopal Prasad
Dates associated with a name 1946-
942 ## - ADDED ENTRY ELEMENTS (KOHA)
Institution code [OBSOLETE] dpl
Item type English Books
Source of classification or shelving scheme Dewey Decimal Classification
Classification part 671.255
Call number suffix PRO
Holdings
Withdrawn status Lost status Not for loan Collection code Home library Current library Source of acquisition Cost, normal purchase price Full call number Barcode Copy number Cost, replacement price Koha item type
    Not For Loan Non-fiction D.B.Act.Division D.B.Act.Division DBAD/PUB 850.00 671.255 PRO EN-71650 1 850.00 English Books

© Delhi Public Library
Hit Counter
free hit counter